Statistics for Cities with longest metro systems in the world

Click here to take the quiz!

General Stats

  • This quiz has been taken 397 times
  • The average score is 17 of 26

Answer Stats

System LengthAnswer% Correct
402.0 kmLondon
97%
375.0 kmNew York City
97%
195.1 kmTokyo
96%
554.0 kmBeijing
94%
214.0 kmParis
93%
588.0 kmShanghai
91%
338.8 kmMoscow
90%
151.7 kmBerlin
86%
294.0 kmMadrid
86%
331.5 kmSeoul
78%
165.4 kmChicago
77%
174.7 kmHong Kong
75%
146.0 kmBarcelona
71%
213.0 kmDelhi
70%
240.0 kmGuangzhou
70%
170.7 kmSingapore
64%
226.5 kmMexico City
58%
188.0 kmWashington D.C
54%
131.1 kmTaipei
49%
167.0 kmSan Francisco
47%
230.0 kmShenzhen
45%
137.0 kmTianjin
42%
135.0 kmTehran
37%
201.6 kmChongqing
30%
224.3 kmNanjing
27%
141.0 kmDalian
9%

Score Distribution

Percentile by Number Answered

Percent of People with Each Score

Your Score History

You have not taken this quiz